Quan niệm nghệ thuật về con người trong thơ thời Thịnh Trần
Văn học thời Trần và những quan niệm nghệ thuật về con người. Các kiểu quan niệm nghệ thuật về con người trong thơ thời Thịnh Trần. Phương thức thể hiện quan niệm nghệ thuật về con người trong thơ thời Thịnh Trần
Uloženo v:
| Hlavní autor: | |
|---|---|
| Další autoři: | |
| Médium: | Kniha |
| Jazyk: | Vietnamese |
| Vydáno: |
Đà Nẵng
Đại học Đà Nẵng
2011
|
| Edice: | Luận văn thạc sĩ khoa học xã hội và nhân văn . Chuyên ngành: Văn học Việt Nam
|
| Témata: | |
| Tagy: |
Přidat tag
Žádné tagy, Buďte první, kdo otaguje tento záznam!
|
| Thư viện lưu trữ: | Mạng thư viện Đại học Đà Nẵng |
|---|
| LEADER | 01547nam a2200337 4500 | ||
|---|---|---|---|
| 001 | 000012659 | ||
| 003 | 8967 | ||
| 005 | 20120223090234.0 | ||
| 008 | 120223s2011 viesd | ||
| 041 | |a vie | ||
| 072 | |a Khóa luận tốt nghiệp | ||
| 082 | |a 895.9221 |b TR-H | ||
| 100 | |a Trần, Văn Hùng | ||
| 245 | |a Quan niệm nghệ thuật về con người trong thơ thời Thịnh Trần |c Trần, Văn Hùng | ||
| 260 | |a Đà Nẵng |b Đại học Đà Nẵng |c 2011 | ||
| 300 | |a 103 tr. |c 29 cm |e tóm tắt + đia CD | ||
| 490 | |a Luận văn thạc sĩ khoa học xã hội và nhân văn . Chuyên ngành: Văn học Việt Nam | ||
| 500 | |a Tham khảo tr.99-103 | ||
| 520 | |a Văn học thời Trần và những quan niệm nghệ thuật về con người. Các kiểu quan niệm nghệ thuật về con người trong thơ thời Thịnh Trần. Phương thức thể hiện quan niệm nghệ thuật về con người trong thơ thời Thịnh Trần | ||
| 653 | |a Luận văn thạc sí | ||
| 700 | |a Hà, Ngọc Hà |c TS |e Hướng dẫn | ||
| OWN | |a LSP | ||
| AVA | |a UDN50 |b LSP |d 895.9221 TR-H |e available |t Error 5001 Not defined in file expand_doc_bib_avail. |f 1 |g 0 |h N |i 0 |k 1 | ||
| 999 | |a From the UDN01 | ||
| AVA | |a UDN50 |b LSP |d 895.9221 TR-H |e available |t Error 5001 Not defined in file expand_doc_bib_avail. |f 1 |g 0 |h N |i 0 |k 1 | ||
| TYP | |a Monograph | ||
| TYP | |a Printed language | ||
| 980 | |a Mạng thư viện Đại học Đà Nẵng | ||